| 000 | 00362nam a2200145 i 4500 | ||
|---|---|---|---|
| 001 | bg | ||
| 100 | 1 | _aALEKSANDER, Tadeusz | |
| 245 | 0 |
_aDrogi aktywizacji kulturalnej ludzi pracy / _cTadeusz Aleksander. |
|
| 260 |
_aWarszawa, _c1980. |
||
| 040 | _cBPK | ||
| 041 | _apol | ||
| 080 | _a008:316:374.1 | ||
| 942 | _cKS | ||
| 008 | s pl f |000 0 pol | ||
| 999 |
_c19225 _d19225 |
||
| 856 |
_uhttp://koha.tu.koszalin.pl/cgi-bin/koha/opac-detail.pl?biblionumber=19225 _yKatalog online BPK |
||